All 2024 Olympic Medalists: Boxing - Statistics

General Stats
  • This quiz has been taken 4 times
  • The average score is 12 of 52
Answer Stats
Event Medal Nationality/Team Medalist % Correct
Men's 80kg Bronze Cuba Arlen Lopez
50%
Women's 66kg Gold Algeria Imane Khelif
50%
Men's 80kg Silver Kazakhstan Nurbek Oralbay
50%
Men's 71kg Bronze USA Omari Jones
50%
Men's 57kg Gold Uzbekistan Abdumalik Khalokov
25%
Women's 50kg Bronze Philippines Aira Villegas
25%
Men's 71kg Gold Uzbekistan Asadkhuja Muydinkhujaev
25%
Women's 75kg Silver Panama Atheyna Bylon
25%
Men's 92kg+ Silver Spain Ayoub Ghadfa
25%
Women's 60kg Bronze Brazil Beatriz Ferreira
25%
Men's 51kg Silver France Billal Bennama
25%
Women's 50kg Silver Turkey Buse Naz Cakiroglu
25%
Women's 75kg Bronze Australia Caitlin Parker
25%
Women's 54kg Gold China Chang Yuan
25%
Men's 57kg Bronze Australia Charlie Senior
25%
Women's 66kg Bronze Chinese Taipei Chen Nien-chin
25%
Women's 75kg Bronze Refugee Olympic Team Cindy Ngamba
25%
Men's 80kg Bronze Dominican Republic Cristian Pinales
25%
Men's 51kg Bronze Cape Verde Daniel Varela de Pina
25%
Men's 92kg Bronze Tajikistan Davlat Boltaev
25%
Men's 92kg+ Bronze France Djamili-Dini Aboudou Moindze
25%
Men's 63.5kg Gold Cuba Erislandy Alvarez
25%
Women's 57kg Bronze Turkey Esra Yildiz
25%
Women's 54kg Silver Turkey Hatice Akbas
25%
Women's 54kg Bronze South Korea Im Ae-ji
25%
Men's 57kg Bronze Bulgaria Javier Ibanez
25%
Women's 57kg Silver Poland Julia Szeremeta
25%
Men's 51kg Bronze Dominican Republic Junior Alcantara
25%
Women's 60kg Gold Ireland Kellie Harrington
25%
Men's 63.5kg Bronze Georgia Lasha Guruli
25%
Men's 71kg Bronze Great Britain Lewis Richardson
25%
Women's 57kg Gold Chinese Taipei Lin Yu-ting
25%
Women's 75kg Gold China Li Qian
25%
Men's 92kg Silver Azerbaijan Loren Alfonso
25%
Men's 71kg Silver Mexico Marco Verde
25%
Men's 57kg Silver Kyrgyzstan Munarbek Seiitbek Uulu
25%
Men's 92kg+ Bronze Germany Nelvie Tiafack
25%
Women's 57kg Bronze Philippines Nesthy Petecio
25%
Women's 54kg Bronze North Korea Pang Chol-mi
25%
Men's 63.5kg Silver France Sofiane Oumiha
25%
Women's 60kg Bronze Chinese Taipei Wu Shih-yi
25%
Women's 50kg Gold China Wu Yu
25%
Men's 63.5kg Bronze Canada Wyatt Sanford
25%
Women's 66kg Silver China Yang Liu
25%
Women's 60kg Silver China Yang Wenlu
25%
Men's 92kg+ Gold Uzbekistan Bakhodir Jalaov
0%
Men's 92kg Bronze Spain Emmanuel Reyes
0%
Men's 51kg Gold Uzbekistan Hasanboy Busmatov
0%
Women's 66kg Bronze Thailand Janjaem Suwannapheng
0%
Men's 92kg Gold Uzbekistan Lazizbek Mullojonov
0%
Women's 50kg Bronze Kazakhstan Nazym Kyzaibay
0%
Men's 80kg Gold Ukraine Oleksandr Khyzhniak
0%
No matching quizzes found
Score Distribution
Percent of People with Each Score
Percentile by Number Answered
Your Score History
You have not taken this quiz